000 00882nam a2200265Ia 4500
003 OSt
005 20221005062200.0
006 a|||||r|||| 00| 0
007 ta
008 221004b |||||||| |||| 00| 0 eng d
020 _a9780415456913 (hbk)
_c6360.55
024 _a94269
037 _b26837, 09/01/2009, Segment Book Distributors
_cTextual
040 _aCRL
_cCRL
_beng
041 _2eng
_aeng
082 _aY73(V49G):(U42), P9
100 _aRai Rajesh Ed.
_9397099
245 0 _aSouth Asian diaspora
_b Transnational networks and changing identities
260 _aLondon
_bRoutledge UK
_c2009
300 _axiii, 215p.
_ccm.
650 _aSOCIOLOGY
700 _a Reeves Peter Ed.
_9452883
942 _hY73(V49G):(U42), P9
_cTEXL
_2cc
999 _c969313
_d969313